Gyökerek, 2023 [linómetszet] /

Elmentve itt :
Bibliográfiai részletek
Szerző: Nagy Katalin Matild
Dokumentumtípus: Cikk
Megjelent: 2025
Sorozat:Tiszatáj 79 No. 10
Kulcsszavak:Képzőművészet - magyar
Online Access:http://tiszataj.bibl.u-szeged.hu/28026
LEADER 00586nab a2200181 i 4500
001 tisza28026
005 20260401132415.0
008 260401s2025 hu o 000 hun d
022 |a 0133-1167 
040 |a SZTE Tiszatáj Archívum  |b hun 
041 |a hun 
100 1 |a Nagy Katalin Matild 
245 1 0 |a Gyökerek, 2023   |h [elektronikus dokumentum] :  |b [linómetszet] /  |c  Nagy Katalin Matild 
260 |c 2025 
300 |a 52 
490 0 |a Tiszatáj  |v 79 No. 10 
695 |a Képzőművészet - magyar 
856 4 0 |u http://tiszataj.bibl.u-szeged.hu/28026/1/tiszataj_2025_010_052.pdf  |z Dokumentum-elérés